| 000 | 00440nam a22001697a 4500 | ||
|---|---|---|---|
| 003 | CEME | ||
| 005 | 20210628205021.0 | ||
| 008 | 210203b xxu||||| |||| 00| 0 eng d | ||
| 020 | _a0-439-37207-0 | ||
| 040 | _c. | ||
| 082 | _a823.008 ABE | ||
| 100 |
_aAber, Linda Williams _956561 |
||
| 245 | _aThe mystery of the missing stallion, barbie mystery files #4 | ||
| 260 |
_aNEW YORK _bSCHOLASTIC _c2002 |
||
| 300 | _a72P | ||
| 942 |
_cBK _2ddc |
||
| 999 |
_c579163 _d579163 |
||